000 00511nam a2200193 a 4500
001 1769935627181
003 YourLibrary
005 20260201143127.0
008 260201s2007##################000#0#eng##
020 _a9780195300727
082 0 4 _a332.495694
_bBAR.1
100 1 _aBarkai, Haim,
_eauthor.
245 1 0 _aThe Bank of Israel :
260 _bOxford University Press,
_c2007.
300 _a348 pages
650 0 _aBusiness & Economics.
942 _cENGLISH
040 _aYourLibrary
_beng
_cYourLibrary
999 _c609650
_d609650